000 00465nam a2200169Ia 4500
003 GCL
008 140319s9999 xx 000 0 eng d
040 _aGCL /
_cGCL
082 0 4 _a005.13
_bS I
100 1 _aSASS,C JOSEPH
245 1 0 _aINTRODUCTION TO PROGAMMING /
_cSASS,C JOSEPH
260 _a[S.N] :
_bWM. C. BROWIN COMMUNICATIONS, INC ،
_c1994
300 _a561
650 0 4 _aPROGRAMMING LANGUAGE
650 0 4 _aCOMPUTER PROGRAM LANGUAGE
942 _2ddc
_cBK
999 _c15726
_d15726